[Event "Paracin Summer op-A 12th"]
[Site "Paracin"]
[Date "2019.07.12"]
[Round "9"]
[White "Ashutosh, Kumar2222"]
[Black "Spirliadis, Achileas"]
[Result "0-1"]
[WhiteElo "1928"]
[BlackElo "2151"]
[PlyCount "150"]
[EventDate "2019.07.05"]
[EventType "swiss"]
[EventRounds "9"]
[EventCountry "SRB"]
[SourceTitle "EXT 2022"]
[Source "ChessBase"]
[SourceDate "2021.10.06"]
[SourceVersion "1"]
[SourceVersionDate "2021.10.06"]
[SourceQuality "1"]

1. c4 e5 2. g3 Nf6 3. Bg2 d5 4. cxd5 Nxd5 5. Nf3 Nc6 6. 0-0 e4 7. Ne1 Bf5 8. Qb3 Qd7 9. d3 Nb6 10. dxe4 Bh3 11. Bxh3 Qxh3 12. Nf3 Be7 13. a4 Qh5 14. Bd2 a5 15. Be3 Ra6 16. Nc3 Nb4 17. Nb5 Na8 18. Rac1 c6 19. Nbd4 0-0 20. Nf5 Bf6 21. Nd6 b5 22. Rc5 Qg6 23. e5 Be7 24. axb5 cxb5 25. Rxb5 Nc7 26. Rb7 Bxd6 27. exd6 Qxd6 28. Bf4 Qe6 29. Qxe6 Nxe6 30. Rd1 h6 31. Be3 Nc6 32. Rdd7 Ned8 33. Rb5 Ne6 34. Nh4 a4 35. Rd3 Rd8 36. Rxd8+ Ncxd8 37. f4 Nc6 38. Nf3 a3 39. bxa3 Rxa3 40. Kf2 Ra6 41. Rb7 Ra4 42. Rd7 Rc4 43. Rd5 Ne7 44. Rb5 g6 45. g4 Nxf4 46. Rb8+ Kg7 47. Bd4+ f6 48. Rb7 Kf7 49. e3 Rc2+ 50. Kg3 Ne2+ 51. Kh3 Nxd4 52. exd4 Ke6 53. Rb6+ Rc6 54. Rb7 Nd5 55. Nh4 Rc3+ 56. Kg2 Ne3+ 57. Kg1 Rc1+ 58. Kf2 Nxg4+ 59. Kg3 Rg1+ 60. Kf3 Nxh2+ 61. Ke3 Rg4 62. Rb6+ Ke7 63. Rb7+ Kd8 64. Nxg6 Rxg6 65. Kf4 Rg5 66. Rh7 h5 67. Ke4 Ng4 68. d5 Re5+ 69. Kd4 Ne3 70. d6 Nf5+ 71. Kd3 Nxd6 72. Kc3 Ke8 73. Kd3 Kf8 74. Ra7 Nf7 75. Ra4 Kg7 0-1

[Event "Paracin Summer op-A 12th"]
[Site "Paracin"]
[Date "2019.07.06"]
[Round "2"]
[White "Harvey, Marcus Ross"]
[Black "Spirliadis, Achileas"]
[Result "1/2-1/2"]
[WhiteElo "2402"]
[BlackElo "2151"]
[PlyCount "100"]
[EventDate "2019.07.05"]
[EventType "swiss"]
[EventRounds "9"]
[EventCountry "SRB"]
[SourceTitle "CBM 191 Extra"]
[Source "ChessBase"]
[SourceDate "2019.09.30"]
[SourceVersion "1"]
[SourceVersionDate "2019.09.30"]
[SourceQuality "1"]

1. Nf3 Nf6 2. b3 g6 3. Bb2 Bg7 4. e3 d5 5. c4 c6 6. Be2 0-0 7. 0-0 Nbd7 8. Qc2 Re8 9. Nc3 a6 10. d4 dxc4 11. bxc4 e5 12. Rfd1 exd4 13. exd4 Qa5 14. Nd2 Nb6 15. Nb3 Qf5 16. Qxf5 Bxf5 17. Bf1 Rad8 18. Na5 Rd7 19. h3 h5 20. Nb3 Nh7 21. c5 Nd5 22. Nxd5 Rxd5 23. Na5 Ng5 24. Nc4 Rd7 25. Rac1 Red8 26. Nb6 Re7 27. Ba1 Be6 28. Rc2 Ne4 29. g3 Nf6 30. Re1 Rc7 31. a3 Nd5 32. Nc4 Rcd7 33. Rd2 Nc7 34. Nb6 Re7 35. a4 Ree8 36. Rb1 Bf5 37. Rbd1 Bh6 38. Re2 Rxe2 39. Bxe2 Bxh3 40. Nc4 Nd5 41. Rb1 Re8 42. Bf1 Bf5 43. Nd6 Bxb1 44. Nxe8 Bf8 45. Bg2 Ba2 46. Bxd5 Bxd5 47. Bc3 Be7 48. a5 Kf8 49. Nd6 Bxd6 50. cxd6 Ke8 1/2-1/2

[Event "EU-ch blitz"]
[Site "Skopje"]
[Date "2018.12.06"]
[Round "2"]
[White "Demchenko, Anton"]
[Black "Spirliadis, Achileas"]
[Result "1-0"]
[WhiteElo "2679"]
[BlackElo "2153"]
[PlyCount "61"]
[EventDate "2018.12.06"]
[EventType "swiss (blitz)"]
[EventRounds "22"]
[EventCountry "MKD"]
[SourceTitle "CBM 187 Extra"]
[Source "ChessBase"]
[SourceDate "2018.11.04"]
[SourceVersion "1"]
[SourceVersionDate "2018.11.04"]
[SourceQuality "1"]

1. e4 e6 2. d4 d5 3. Nd2 Be7 4. Ngf3 Nf6 5. e5 Nfd7 6. c3 c5 7. Be2 Nc6 8. 0-0 g5 9. Nb3 c4 10. Nbd2 g4 11. Ne1 h5 12. f3 Bg5 13. Kh1 b5 14. Nc2 b4 15. cxb4 Qe7 16. b5 Na5 17. Nb1 Bb7 18. Nc3 0-0-0 19. f4 Bh6 20. Bd2 Ba8 21. b3 cxb3 22. axb3 Nxb3 23. Rxa7 Kb8 24. Ra4 Nxd2 25. Qxd2 Nb6 26. Ra6 Qc7 27. Nb4 Bb7 28. Rb1 Nc4 29. Bxc4 Qxc4 30. Nc6+ Kc7 31. Ra4 1-0

[Event "Nea Moudania op 2nd"]
[Site "Nea Moudania"]
[Date "2016.08.30"]
[Round "9"]
[White "Stanojoski, Zvonko"]
[Black "Spirliadis, Achileas"]
[Result "1-0"]
[WhiteElo "2444"]
[BlackElo "2122"]
[PlyCount "119"]
[EventDate "2016.08.22"]
[EventType "swiss"]
[EventRounds "9"]
[EventCountry "GRE"]
[SourceTitle "CBM 174 Extra"]
[Source "ChessBase"]
[SourceDate "2016.10.10"]
[SourceVersion "1"]
[SourceVersionDate "2016.10.10"]
[SourceQuality "1"]

1. e4 e6 2. d4 d5 3. Nd2 Nf6 4. e5 Nfd7 5. f4 c5 6. c3 Nc6 7. Ndf3 Qb6 8. a3 cxd4 9. cxd4 Na5 10. b4 Nc4 11. Bxc4 dxc4 12. Ne2 a5 13. bxa5 Qxa5+ 14. Kf2 Nb6 15. Bd2 Qa4 16. Qb1 Qc6 17. Qb2 Na4 18. Qc2 Be7 19. Rhb1 0-0 20. Bb4 Re8 21. Bxe7 Rxe7 22. Ng5 f5 23. exf6 gxf6 24. Ne4 e5 25. d5 Qa6 26. d6 Rf7 27. N2g3 exf4 28. Nh5 Kh8 29. Qd2 Qa7+ 30. Kf1 Qe3 31. Re1 Qxd2 32. Nxd2 Bf5 33. Nxf4 b5 34. Nf3 Ra6 35. Re8+ Kg7 36. Nd4 Bd7 37. Nfe6+ Kh6 38. Re7 Bxe6 39. Rxe6 Nc5 40. Re7 Kg6 41. Nxb5 Rb6 42. a4 Rxe7 43. dxe7 Re6 44. a5 Na6 45. Re1 Rxe1+ 46. Kxe1 Kf7 47. Nd6+ Kxe7 48. Nxc4 Ke6 49. Ne3 Ke5 50. Ke2 Nc5 51. Kf3 f5 52. Nc2 Na6 53. g3 h6 54. Ke3 h5 55. h4 Nc7 56. Nb4 f4+ 57. gxf4+ Kf5 58. Kf3 Ne6 59. a6 Nd4+ 60. Kg3 1-0

[Event "Nea Moudania op 2nd"]
[Site "Nea Moudania"]
[Date "2016.08.28"]
[Round "7"]
[White "Banikas, Hristos"]
[Black "Spirliadis, Achileas"]
[Result "1-0"]
[WhiteElo "2591"]
[BlackElo "2122"]
[PlyCount "109"]
[EventDate "2016.08.22"]
[EventType "swiss"]
[EventRounds "9"]
[EventCountry "GRE"]
[SourceTitle "CBM 174 Extra"]
[Source "ChessBase"]
[SourceDate "2016.10.10"]
[SourceVersion "1"]
[SourceVersionDate "2016.10.10"]
[SourceQuality "1"]

1. c4 Nf6 2. Nf3 g6 3. Nc3 Bg7 4. g3 0-0 5. Bg2 d5 6. cxd5 Nxd5 7. 0-0 c6 8. d4 Nd7 9. Qc2 N7b6 10. Rd1 Nb4 11. Qb1 Bg4 12. h3 Be6 13. e4 Qc8 14. a3 Na6 15. Kh2 Bb3 16. Re1 Rd8 17. Bg5 f6 18. Be3 Nc7 19. Nd2 Bf7 20. Qc2 e5 21. Nf3 Nc4 22. dxe5 Nxe5 23. Rad1 Qe6 24. Nd4 Qe8 25. f4 Nc4 26. Bf2 Rd7 27. Nf3 a5 28. Rxd7 Qxd7 29. Na4 Re8 30. Nb6 Nxb6 31. Bxb6 Ra8 32. Rd1 Qe7 33. Qd3 f5 34. exf5 Nd5 35. Bd4 gxf5 36. Bxg7 Kxg7 37. Nd4 Qf6 38. Bxd5 Bxd5 39. Nxf5+ Kg8 40. Ne3 Bf7 41. Rd2 Qe7 42. Ng4 Bd5 43. Qd4 Kf7 44. Ne5+ Kg8 45. Qc3 a4 46. Ng4 Kf7 47. Ne5+ Kg8 48. Qd4 Ra6 49. Ng4 Kf7 50. Ne3 Be4 51. Qc4+ Kf8 52. f5 b5 53. Qc3 Kg8 54. Ng4 c5 55. Re2 1-0

[Event "Nea Moudania op 2nd"]
[Site "Nea Moudania"]
[Date "2016.08.26"]
[Round "5"]
[White "Kukov, Velislav"]
[Black "Spirliadis, Achileas"]
[Result "1/2-1/2"]
[WhiteElo "2363"]
[BlackElo "2122"]
[PlyCount "64"]
[EventDate "2016.08.22"]
[EventType "swiss"]
[EventRounds "9"]
[EventCountry "GRE"]
[SourceTitle "CBM 174 Extra"]
[Source "ChessBase"]
[SourceDate "2016.10.10"]
[SourceVersion "1"]
[SourceVersionDate "2016.10.10"]
[SourceQuality "1"]

1. d4 d5 2. Nf3 Nf6 3. e3 g6 4. Bd3 Bg7 5. Nbd2 c5 6. b3 Nc6 7. Bb2 0-0 8. 0-0 Nd7 9. c4 dxc4 10. Nxc4 cxd4 11. exd4 Nb4 12. Be2 Nb6 13. a3 N4d5 14. Nfe5 Be6 15. Bf3 Rc8 16. Nxb6 axb6 17. Qd2 Nc7 18. Nc4 Bxc4 19. bxc4 Ne6 20. Bd5 Qd6 21. Bxe6 Qxe6 22. d5 Qd6 23. Bxg7 Kxg7 24. Rfc1 Rfd8 25. h3 Qf6 26. Rab1 Rd6 27. Qe3 h5 28. Rb4 e6 29. Rd1 b5 30. cxb5 Rc3 31. Qd4 Rxa3 32. Qxf6+ Kxf6 1/2-1/2

[Event "Nea Moudania op 2nd"]
[Site "Nea Moudania"]
[Date "2016.08.23"]
[Round "2"]
[White "Spirliadis, Achileas"]
[Black "Cioara, Andrei Nestor"]
[Result "0-1"]
[WhiteElo "2122"]
[BlackElo "2437"]
[PlyCount "74"]
[EventDate "2016.08.22"]
[EventType "swiss"]
[EventRounds "9"]
[EventCountry "GRE"]
[SourceTitle "CBM 174 Extra"]
[Source "ChessBase"]
[SourceDate "2016.10.10"]
[SourceVersion "1"]
[SourceVersionDate "2016.10.10"]
[SourceQuality "1"]

1. Nf3 d5 2. d4 c6 3. c4 Nf6 4. Nc3 dxc4 5. a4 Bf5 6. e3 e6 7. Bxc4 Nbd7 8. 0-0 Bb4 9. Qe2 0-0 10. Nh4 Bg4 11. f3 Bh5 12. Qf2 e5 13. Rd1 Qc7 14. Na2 Bd6 15. Nf5 e4 16. Nxd6 Qxd6 17. Bd2 Rfe8 18. Nc3 Nb6 19. Ba2 Nbd5 20. Rf1 Bg6 21. Bb1 Qd7 22. a5 Rad8 23. Re1 exf3 24. Bxg6 hxg6 25. gxf3 g5 26. e4 Nb4 27. Bxg5 Nd3 28. Qg3 Nh5 29. Qg4 Nxe1 30. Bxd8 Qxd4+ 31. Kh1 Qf2 32. Rxe1 Qxe1+ 33. Kg2 Rxd8 34. Qxh5 Rd2+ 35. Kh3 Qf1+ 36. Kg3 Rg2+ 37. Kf4 Qc1+ 0-1

[Event "GRE-chT 43rd"]
[Site "Porto Rio"]
[Date "2015.10.10"]
[Round "5.13"]
[White "Balaskas, Nikolaos"]
[Black "Spirliadis, Achileas"]
[Result "0-1"]
[WhiteElo "2201"]
[BlackElo "2093"]
[PlyCount "90"]
[EventDate "2015.10.08"]
[EventType "team-swiss"]
[EventRounds "7"]
[EventCountry "GRE"]
[SourceTitle "CBM 168 Extra"]
[Source "ChessBase"]
[SourceDate "2015.10.29"]
[SourceVersion "1"]
[SourceVersionDate "2015.10.29"]
[SourceQuality "1"]
[WhiteTeam "New Filadelfeias"]
[BlackTeam "Thinalios"]
[WhiteTeamCountry "GRE"]
[BlackTeamCountry "GRE"]

1. e4 e6 2. d3 d5 3. Nd2 Nf6 4. Ngf3 Be7 5. g3 0-0 6. Bg2 c5 7. 0-0 Nc6 8. Re1 Qc7 9. Qe2 b5 10. e5 Nd7 11. Nf1 b4 12. h4 a5 13. h5 h6 14. Bf4 Ba6 15. Ne3 c4 16. Ng4 b3 17. Qd2 bxc2 18. Bxh6 gxh6 19. Qxh6 Qd8 20. d4 Nxd4 21. Nxd4 Bg5 22. Nxe6 Bxh6 23. Nxh6+ Kh7 24. Nxd8 Raxd8 25. Nf5 Nc5 26. Rec1 d4 27. Rxc2 c3 28. bxc3 Bd3 29. Nxd4 Bxc2 30. Nxc2 Rd2 31. Nd4 a4 32. Bh3 Rb8 33. e6 fxe6 34. Nxe6 Nxe6 35. Bxe6 Kh6 36. Kg2 Rbb2 37. Rf1 Kxh5 38. Kf3 Kg5 39. Bg8 Rd8 40. Be6 Kf6 41. Bc4 Rc8 42. Bd5 Rxc3+ 43. Kg4 Rd2 44. Bg8 Rd7 45. Kh3 Rd8 0-1

[Event "GRE-chT 43rd"]
[Site "Porto Rio"]
[Date "2015.10.08"]
[Round "1.15"]
[White "Spirliadis, Achileas"]
[Black "Nabaty, Tamir"]
[Result "0-1"]
[WhiteElo "2093"]
[BlackElo "2597"]
[PlyCount "144"]
[EventDate "2015.10.08"]
[EventType "team-swiss"]
[EventRounds "7"]
[EventCountry "GRE"]
[SourceTitle "CBM 168 Extra"]
[Source "ChessBase"]
[SourceDate "2015.10.29"]
[SourceVersion "1"]
[SourceVersionDate "2015.10.29"]
[SourceQuality "1"]
[WhiteTeam "Thinalios"]
[BlackTeam "Von Heraklion Contact"]
[WhiteTeamCountry "GRE"]
[BlackTeamCountry "GRE"]

1. d4 Nf6 2. c4 e6 3. Nf3 d5 4. Nc3 dxc4 5. e3 a6 6. Bxc4 b5 7. Bd3 Bb7 8. 0-0 c5 9. dxc5 Bxc5 10. Qe2 0-0 11. Rd1 Nbd7 12. b3 Rc8 13. Bb2 Bb4 14. Nb1 Qe7 15. a3 Bd6 16. Nbd2 Rfd8 17. b4 Nb6 18. Rac1 Na4 19. Ba1 Bb8 20. Nb3 Rxc1 21. Nxc1 Qc7 22. Nb3 Bd5 23. Qc2 Qxc2 24. Bxc2 Rc8 25. Nbd4 e5 26. Bf5 Re8 27. Ne2 Bb3 28. Rd2 Nb6 29. Ne1 g6 30. Bh3 Ne4 31. Rb2 Rd8 32. Nc3 Nd2 33. Nf3 Nbc4 34. Nxd2 Nxb2 35. Nxb3 Na4 36. Kf1 Nxc3 37. Bxc3 Rd3 38. Nc5 Rxc3 39. Nxa6 Bd6 40. Bd7 Rxa3 41. Bxb5 Bxb4 42. Nxb4 Rb3 43. g3 Rxb4 44. Bc6 f5 45. h4 e4 46. Kg2 Kf7 47. Bd5+ Kf6 48. Bc6 Ke5 49. Be8 Rb7 50. Bc6 Ra7 51. Bb5 Kd5 52. Be8 Re7 53. Bb5 Kc5 54. Ba6 Rc7 55. Kf1 Kb4 56. Ke1 Kc3 57. Bb5 Rb7 58. Bc6 Rb1+ 59. Ke2 Rb2+ 60. Kf1 Kd3 61. Bd5 Rb6 62. Bg8 h6 63. Bf7 Kd2 64. Be8 Rf6 65. Bd7 g5 66. hxg5 hxg5 67. Kg2 f4 68. gxf4 gxf4 69. exf4 Rxf4 70. Bc6 Ke2 71. Kg3 Rf3+ 72. Kg4 Kd3 0-1

[Event "Skopje Karposh op"]
[Site "Skopje"]
[Date "2015.03.28"]
[Round "3"]
[White "Spirliadis, Achileas"]
[Black "Arsovic, Zoran"]
[Result "1/2-1/2"]
[WhiteElo "2087"]
[BlackElo "2428"]
[PlyCount "132"]
[EventDate "2015.03.27"]
[EventType "swiss"]
[EventRounds "9"]
[EventCountry "MKD"]
[SourceTitle "CBM 165 Extra"]
[Source "ChessBase"]
[SourceDate "2015.04.21"]
[SourceVersion "1"]
[SourceVersionDate "2015.04.21"]
[SourceQuality "1"]

1. e4 c5 2. c3 e6 3. d4 d5 4. e5 Qb6 5. Nf3 Nc6 6. Be2 cxd4 7. cxd4 Nh6 8. Nc3 Nf5 9. Na4 Bb4+ 10. Kf1 Qd8 11. g4 Nh4 12. Bg5 Be7 13. Bxe7 Qxe7 14. Qd2 Nxf3 15. Bxf3 f6 16. Re1 0-0 17. Bd1 fxe5 18. dxe5 Bd7 19. h4 Rf7 20. Rh2 Raf8 21. a3 Rf4 22. b4 Nd4 23. Nc3 Bc6 24. Ne4 Nf3 25. Bxf3 Rxf3 26. Nd6 a6 27. Re3 R8f4 28. Rxf3 Rxf3 29. a4 Bxa4 30. Nf5 Qf7 31. Kg2 Rb3 32. Nd4 Rb1 33. Rh1 Rxh1 34. Kxh1 h5 35. gxh5 Qxh5 36. Qf4 Bd7 37. Kg2 b6 38. Nf3 a5 39. bxa5 bxa5 40. Ng5 Qe8 41. Qd2 a4 42. Qd3 g6 43. f4 Bb5 44. Qb1 d4 45. Kh3 d3 46. Qg1 d2 47. Ne4 Kg7 48. Nxd2 Qf7 49. Qc5 Qf5+ 50. Kg3 Be2 51. Qe7+ Qf7 52. Qb4 Qa7 53. Kg2 a3 54. Nb3 a2 55. Na1 Ba6 56. Qd6 Qb7+ 57. Kh2 Bc4 58. Qa3 Bd5 59. Nc2 Qf7 60. Kg3 Qf8 61. Qa7+ Kh6 62. Ne3 Qg7 63. Ng4+ Kh7 64. Nf6+ Kh6 65. Ng4+ Kh7 66. Nf6+ Kh6 1/2-1/2

[Event "Sykies-B 1st"]
[Site "Sykies"]
[Date "2014.02.21"]
[Round "1.3"]
[White "Spirliadis, Achileas"]
[Black "Sidiropoulos, Nikolaos"]
[Result "0-1"]
[WhiteElo "2053"]
[BlackElo "2118"]
[PlyCount "44"]
[EventDate "2014.02.21"]
[EventType "swiss"]
[EventRounds "9"]
[EventCountry "GRE"]
[SourceTitle "EXT 2024"]
[Source "ChessBase"]
[SourceDate "2023.10.10"]
[SourceVersion "1"]
[SourceVersionDate "2023.10.10"]
[SourceQuality "1"]

1. e4 e5 2. Bc4 Nf6 3. Nc3 Nc6 4. d3 Na5 5. Bb3 Nxb3 6. axb3 d5 7. Bg5 Bb4 8. exd5 Qxd5 9. Qf3 Be6 10. Bd2 Bxc3 11. Bxc3 e4 12. dxe4 Qxe4+ 13. Qxe4 Nxe4 14. Bxg7 Rg8 15. Be5 0-0-0 16. f3 Nc5 17. b4 Na6 18. Bc3 Rxg2 19. Rd1 Rdg8 20. Ne2 Bc4 21. Ng3 Re8+ 22. Ne4 Re2+ 0-1

[Event "Blagoevgrad op"]
[Site "Blagoevgrad"]
[Date "2013.10.01"]
[Round "5"]
[White "Mladenov, Plamen"]
[Black "Spirliadis, Achileas"]
[Result "1-0"]
[WhiteElo "2390"]
[BlackElo "2044"]
[PlyCount "91"]
[EventDate "2013.09.28"]
[EventType "swiss"]
[EventRounds "9"]
[EventCountry "BUL"]
[SourceTitle "CBM 156 Extra"]
[Source "ChessBase"]
[SourceDate "2013.10.22"]
[SourceVersion "1"]
[SourceVersionDate "2013.10.22"]
[SourceQuality "1"]

1. d4 Nf6 2. Nc3 e6 3. e4 d5 4. Bg5 Be7 5. Bxf6 Bxf6 6. Nf3 dxe4 7. Nxe4 b6 8. Qe2 Ba6 9. Nxf6+ gxf6 10. Qe4 Qd5 11. Qxd5 exd5 12. Kd2 Rg8 13. g3 Bxf1 14. Rhxf1 Nc6 15. c3 Kd7 16. Nh4 Rae8 17. Ng2 Nd8 18. Nf4 Kd6 19. Rfe1 Ne6 20. Nh5 Ng5 21. Rxe8 Rxe8 22. Rf1 Nf3+ 23. Kd1 Nxh2 24. Nxf6 Re6 25. Rh1 Rxf6 26. Rxh2 h6 27. Ke2 Ke7 28. f4 Rg6 29. Kf3 Kf8 30. Re2 c6 31. f5 Rf6 32. Kf4 Kg7 33. Re7 a5 34. g4 Rd6 35. Ke5 Rd8 36. a4 Rb8 37. Kd6 Kf6 38. Re2 b5 39. Kxc6 bxa4 40. Kxd5 Kg5 41. Kc6 Kxg4 42. d5 Kf3 43. Rh2 Rc8+ 44. Kd7 Rc5 45. d6 Ke4 46. f6 1-0

[Event "Kavala op 22nd"]
[Site "Kavala"]
[Date "2013.08.06"]
[Round "1"]
[White "Spirliadis, Achileas"]
[Black "Galopoulos, Nikolaos"]
[Result "1/2-1/2"]
[WhiteElo "2043"]
[BlackElo "2354"]
[PlyCount "77"]
[EventDate "2013.08.06"]
[EventType "swiss"]
[EventRounds "9"]
[EventCountry "GRE"]
[SourceTitle "CBM 155 Extra"]
[Source "ChessBase"]
[SourceDate "2013.08.26"]
[SourceVersion "1"]
[SourceVersionDate "2013.08.26"]
[SourceQuality "1"]

1. e4 c6 2. d4 d5 3. f3 Nf6 4. Nc3 e6 5. Bf4 Bb4 6. Qd3 b6 7. Nge2 Ba6 8. Qe3 0-0 9. a3 Be7 10. 0-0-0 c5 11. Kb1 Nc6 12. Bg5 Ng4 13. fxg4 Bxg5 14. Qf2 Bxe2 15. Nxe2 dxe4 16. h4 Bf6 17. c3 Qd5 18. g5 Be7 19. Nf4 Qb3 20. Ba6 Rad8 21. Bb7 e3 22. Qc2 Qxc2+ 23. Kxc2 Na5 24. Ba6 cxd4 25. cxd4 Nc6 26. d5 exd5 27. Rxd5 Bd6 28. Ne2 Be5 29. Rhd1 Rxd5 30. Rxd5 Rd8 31. Rxd8+ Nxd8 32. b4 Ne6 33. Kd3 Nc7 34. Bb7 Nb5 35. a4 Nd6 36. Bd5 Bb2 37. g4 b5 38. axb5 Nxb5 39. Kxe3 1/2-1/2

[Event "Skopje Karposh op"]
[Site "Skopje"]
[Date "2013.03.10"]
[Round "2"]
[White "Tevdovski, Zoran"]
[Black "Spirliadis, Achileas"]
[Result "0-1"]
[WhiteElo "1720"]
[BlackElo "2076"]
[PlyCount "96"]
[EventDate "2013.03.09"]
[EventType "swiss"]
[EventRounds "9"]
[EventCountry "MKD"]
[SourceTitle "CBM 153 Extra"]
[Source "ChessBase"]
[SourceDate "2013.04.22"]
[SourceVersion "1"]
[SourceVersionDate "2013.04.22"]
[SourceQuality "1"]

1. d4 Nf6 2. Nf3 d6 3. h3 Nbd7 4. e3 e5 5. c4 Be7 6. Nc3 0-0 7. Bd3 Re8 8. 0-0 c6 9. a3 Qc7 10. e4 a6 11. b4 Bf8 12. Bd2 exd4 13. Nxd4 Ne5 14. Be2 c5 15. bxc5 dxc5 16. Nf3 Ng6 17. Qc2 Nf4 18. Bxf4 Qxf4 19. e5 Rxe5 20. Nxe5 Qxe5 21. Qd3 Bf5 22. Qe3 Bd6 23. Qxe5 Bxe5 24. Rac1 Rd8 25. Na4 Bd4 26. Bf3 Ne4 27. Bxe4 Bxe4 28. Rfd1 Rd6 29. Nxc5 Bxc5 30. Rxd6 Bxd6 31. Rd1 Bxa3 32. Kf1 Kf8 33. g3 Bc6 34. Ke2 Bc5 35. Rd8+ Ke7 36. Ra8 Bd7 37. Rb8 Bc6 38. Ra8 Bb6 39. f4 a5 40. c5 Bd8 41. Kd3 Kd7 42. Kc3 Bf6+ 43. Kb3 a4+ 44. Kb4 Bb2 45. Rf8 Ke7 46. Rc8 a3 47. Kb3 Bd5+ 48. Kc2 Bf6 0-1

[Event "Neos Marmaras op 4th"]
[Site "Neos Marmaras"]
[Date "2012.04.20"]
[Round "6"]
[White "Galopoulos, Nikolaos"]
[Black "Spirliadis, Achileas"]
[Result "1-0"]
[WhiteElo "2430"]
[BlackElo "2053"]
[PlyCount "95"]
[EventDate "2012.04.16"]
[EventType "swiss"]
[EventRounds "9"]
[EventCountry "GRE"]
[SourceTitle "CBM 148 Extra"]
[Source "ChessBase"]
[SourceDate "2012.06.22"]
[SourceVersion "1"]
[SourceVersionDate "2012.06.22"]
[SourceQuality "1"]

1. d4 Nf6 2. c4 g6 3. Nc3 Bg7 4. e4 d6 5. f3 0-0 6. Be3 e5 7. Nge2 a5 8. dxe5 dxe5 9. Qxd8 Rxd8 10. Nd5 Na6 11. Nec3 Nxd5 12. cxd5 Bf8 13. Rc1 Bd7 14. Bb5 c6 15. dxc6 Bxc6 16. Ke2 Bc5 17. Bxc6 bxc6 18. Rhd1 Kf8 19. Rxd8+ Rxd8 20. Na4 Bxe3 21. Kxe3 Nc7 22. Rxc6 Ne6 23. Nb6 Nf4 24. g3 Rd3+ 25. Kf2 Rd2+ 26. Ke1 Rxb2 27. gxf4 Rxa2 28. fxe5 a4 29. Nd5 Rxh2 30. Ra6 Ra2 31. Ra8+ Kg7 32. Ra7 Kf8 33. Nc3 Ra1+ 34. Kf2 a3 35. Nb5 a2 36. Nc3 Rc1 37. Nxa2 Rc5 38. f4 g5 39. Kf3 gxf4 40. Kxf4 Rc6 41. Nb4 Rg6 42. Nd5 Re6 43. Nf6 Kg7 44. Ra8 Rb6 45. Rg8+ Kh6 46. Ng4+ Kh5 47. Rg7 Rg6 48. Rxh7+ 1-0